{"text_format":"3","workbook":"xlsx","n_sheets":1,"sheets":["Sheet1"],"read":"whole","date_system":"1900"}

{"sheet":"Sheet1","index":0,"n_rows":13,"n_cols":7,"rows_kept":13,"merged":[[0,0,0,6],[1,0,3,0],[1,1,3,1],[1,2,3,2],[1,3,3,3],[1,4,3,4],[1,5,1,6],[2,5,3,5],[2,6,3,6],[9,0,9,6],[10,0,10,6],[11,0,11,6],[12,0,12,6]]}
["茶祖路道路建设工程人行道铺装石材控制价","","","","","",""]
["序号","项目名称","项目特征描述","计量\r\n单位","工程量","报价（含税）"]
["","","","","","单价","合价"]
["","","","","","",""]
[1,"芝麻灰面砖烧面","600*1200*50mm","m2",360,156.71,56415.6]
[2," 芝麻黑面砖拉槽","600*1200*50mm,拉槽\n5mm宽，3mm 深，间距\n50mm","m2",360,235.29,84704.4]
[3,"芝麻灰立缘石","25*15*30cm,倒角30*30mm","m",70,89.12,6238.4]
[4,"芝麻灰立缘石\n","90*15*30cm,倒角30*30mm","m",530,106.35,56365.5]
[5,"芝麻灰嵌边石","90*15*20cm","m",600,71.89,43134]
[]
["税率：   13%   "]
["含税总价（元）246857.9"]
[" 备注： 单价已包括材料费、运输费、上下车费、管理费、利润、税金、风险以及乙方因供应该物资应缴纳的一切税费等全部费用，单价在整个供货期内均不调整"]